[Event "Warsaw Chess Open 2022 - A"]
[Site "Warsaw"]
[Date "1899-12-30"]
[Round "8.9"]
[White "Jaskolka, Tomasz"]
[Black "Danielyan, Vahe"]
[Result "1-0"]
[WhiteTitle "CM"]
[BlackTitle "IM"]
[WhiteElo "2194"]
[BlackElo "2295"]

1. d4 Nf6 2. c4 e6 3. g3 c5 4. d5 exd5 5. cxd5 g6 6. Bg2 Bg7 7. Nc3 d6 8. Nf3 O-O
9. O-O Re8 10. Re1 Na6 11. Nd2 Rb8 12. a4 Nb4 13. Nc4 a6 14. Bf4 Bf8 15. a5 h6
16. e4 g5 17. Bc1 Bg4 18. f3 Bh5 19. g4 Bg6 20. Be3 Nd7 21. Na2 Nxa2 22. Rxa2
Qc7 23. h4 gxh4 24. Qd2 Kh7 25. f4 h3 26. Bf3 Bxe4 27. Bxe4+ Rxe4 28. Qd3 f5 29.
Nd2 c4 30. Qc2 Rbe8 31. Nxe4 Rxe4 32. Bf2 Nf6 33. Ra3 Rxe1+ 34. Bxe1 Qc5+ 35.
Bf2 h2+ 36. Kxh2 Nxg4+ 37. Kg1 Qxd5 38. Rc3 Nxf2 39. Kxf2 Bg7 40. Rxc4 Bd4+ 41.
Ke2 Qg2+ 42. Kd1 Qf1+ 43. Kd2 Qxf4+ 44. Kd1 Qf1+ 45. Kd2 Bxb2 46. Qd3 Qf2+ 47.
Qe2 Qg3 48. Qd3 Qg5+ 49. Kc2 Bg7 50. Qd5 h5 51. Qxb7 h4 52. Qxa6 Qg2+ 53. Kb3
Qg3+ 54. Ka4 d5 55. Rb4 d4 56. Qb7 Qe1 57. a6 Qa1+ 58. Kb5 Qf1+ 59. Ka5 Qa1+ 60.
Kb6 d3 61. a7 d2 62. Rxh4+ Kg6 63. Qg2+ Kf7 64. Qxd2 Qf6+ 65. Kc7 Qe5+ 66. Kc6
Qf6+ 67. Qd6 Qxh4 68. Qd5+ 1-0

[Event "Warsaw Chess Open 2022 - A"]
[Site "Warsaw"]
[Date "1899-12-30"]
[Round "8.10"]
[White "Terzi, Alexei"]
[Black "Krawczyk, Flawian"]
[Result "1/2-1/2"]
[WhiteTitle "FM"]
[BlackTitle "I++"]
[WhiteElo "2286"]
[BlackElo "2162"]

1. e4 c5 2. Nc3 Nc6 3. Bb5 Nd4 4. Nf3 a6 5. Bd3 g6 6. b4 cxb4 7. Nd5 Bg7 8. Nxd4
Bxd4 9. c3 Bg7 10. Nxb4 d6 11. O-O Nf6 12. Bc2 O-O 13. d4 a5 14. Nd5 Nxd5 15.
exd5 a4 16. Re1 Qa5 17. Bg5 e6 18. Qf3 Bd7 19. Rad1 Qxd5 20. Qxd5 exd5 21. Bd3
Rfc8 22. Bd2 Bf6 23. Rb1 Bc6 24. a3 Bd8 25. Rec1 Ba5 26. Rb2 Kf8 27. Kf1 b6 28.
Bb5 Ke7 29. Bxc6 Rxc6 30. Ke2 Rc7 31. Rb5 Ke6 1/2-1/2

[Event "Warsaw Chess Open 2022 - A"]
[Site "Warsaw"]
[Date "1899-12-30"]
[Round "8.11"]
[White "Mickiewicz, Piotr"]
[Black "Poltorak, Sebastian"]
[Result "0-1"]
[WhiteTitle "m"]
[BlackTitle "FM"]
[WhiteElo "2284"]
[BlackElo "2322"]

1. c4 Nf6 2. Nc3 d5 3. cxd5 Nxd5 4. g3 c5 5. Bg2 Nc7 6. d3 Nc6 7. Bxc6+ bxc6 8.
Qa4 Ne6 9. Nf3 g6 10. Ne5 Bd7 11. O-O Bg7 12. f4 O-O 13. Be3 Qc7 14. Rac1 Rfb8
15. b3 Bxe5 16. fxe5 Rb4 17. Qa3 Qxe5 18. Ne4 a5 19. Bxc5 Nxc5 20. Rxc5 Qd4+ 21.
Rf2 Bh3 22. Qc1 a4 23. Rc4 Rxc4 24. bxc4 Rb8 25. Ng5 Qe3 0-1

[Event "Warsaw Chess Open 2022 - A"]
[Site "Warsaw"]
[Date "1899-12-30"]
[Round "8.12"]
[White "Malek, Jan"]
[Black "Yezhel, Valiantsin"]
[Result "1/2-1/2"]
[WhiteTitle "k++"]
[BlackTitle ""]
[WhiteElo "2320"]
[BlackElo "2248"]

1. e4 c5 2. Nf3 g6 3. c3 d5 4. exd5 Qxd5 5. d4 Bg7 6. Nbd2 Nf6 7. Bc4 Qd6 8. Ng5
O-O 9. Qb3 e6 10. Nde4 Nxe4 11. Nxe4 Qc6 12. d5 exd5 13. Bxd5 Qc7 14. Be3 Nd7
15. O-O-O Rb8 16. Nd6 Nf6 17. Nxc8 Rfxc8 18. g3 c4 19. Bxc4 b5 20. Bd5 b4 21.
c4 Nxd5 22. Rxd5 Qxc4+ 23. Qxc4 Rxc4+ 24. Kb1 b3 25. axb3 Rcb4 26. Rhd1 Bf6 27.
Bxa7 R8b7 28. Bd4 Bxd4 29. R1xd4 Rxb3 30. Rd2 h5 31. Ka2 Kg7 32. R5d3 R3b4 33.
Rd4 Rb3 34. h4 Kh6 35. R4d3 R3b4 36. b3 g5 37. hxg5+ Kxg5 38. Rd5+ f5 39. R2d3
h4 40. gxh4+ Rxh4 41. Rd7 Rbb4 42. Ka3 Rbf4 43. Rg7+ Kf6 44. Rg2 Rh1 45. Rd2 Rb1
46. Ka2 Rf1 47. Re2 Kf7 48. Rb2 Ke6 49. Rd2 Ke5 50. Kb2 Ke6 51. Kc3 Ke5 52. Kd3
Rb1 53. Kc2 Rf1 54. Kc3 Ke6 55. Ra2 Rf3+ 56. Kc4 Rc1+ 57. Kb4 1/2-1/2

[Event "Warsaw Chess Open 2022 - A"]
[Site "Warsaw"]
[Date "1899-12-30"]
[Round "8.14"]
[White "Szczurek, Krzysztof"]
[Black "Choroszej, Aleksander"]
[Result "1-0"]
[WhiteTitle "FM"]
[BlackTitle "k"]
[WhiteElo "2151"]
[BlackElo "2040"]

1. e4 g6 2. d4 Bg7 3. Nc3 d6 4. Be3 a6 5. Qd2 Nd7 6. O-O-O b5 7. f3 Bb7 8. h4 h6
9. g4 Rc8 10. Bg2 c5 11. Nce2 Qc7 12. Nh3 b4 13. f4 Nb6 14. b3 Nf6 15. Nf2 a5
16. f5 gxf5 17. gxf5 a4 18. Kb1 c4 19. Rc1 c3 20. Qd3 Qd7 21. Rhg1 Kf8 22. e5
Nfd5 23. f6 exf6 24. Bh3 Qc6 25. Bxc8 Qxc8 26. exf6 Bxf6 27. Bf4 Nxf4 28. Nxf4
axb3 29. cxb3 d5 30. Qb5 Bxd4 31. N4d3 Bxf2 32. Qxb4+ Ke8 33. Nxf2 1-0

[Event "Warsaw Chess Open 2022 - A"]
[Site "Warsaw"]
[Date "1899-12-30"]
[Round "8.15"]
[White "Meers, Hubert"]
[Black "Zysko, Jan"]
[Result "1/2-1/2"]
[WhiteTitle "k"]
[BlackTitle "k"]
[WhiteElo "2003"]
[BlackElo "2138"]

1. e4 c5 2. Nc3 e6 3. Nge2 Nc6 4. d4 cxd4 5. Nxd4 Qc7 6. Be3 a6 7. Qf3 Bd6 8. O-O-O
Be5 9. Nxc6 bxc6 10. Bc4 Ne7 11. Bb3 O-O 12. g3 a5 13. Na4 f5 14. Bc5 fxe4 15.
Qxe4 d5 16. Qe2 Re8 17. Nb6 Rb8 18. Nxc8 Nxc8 19. Rhe1 Bd6 20. Qe3 Nb6 21. c4
Bxc5 22. Qxc5 a4 23. Bc2 Nxc4 24. b3 axb3 25. Bxb3 Rb5 26. Qd4 Qa5 27. Kc2 Qa3
28. Rd3 Qb4 29. Qc3 Na5 30. Qxb4 Rxb4 31. f4 Kf7 32. Rde3 Nxb3 33. axb3 Kf6 34.
Re5 g6 35. Kc3 Rb5 36. g4 d4+ 37. Kxd4 Rb4+ 38. Kc5 Rxf4 39. g5+ Kf7 40. Kxc6
Rb4 41. R1e3 Reb8 42. Rxe6 R4b6+ 43. Kc7 R8b7+ 44. Kc8 Rxb3 45. Rf6+ Kg7 46. Rxb3
Rxb3 47. Rd6 Rh3 48. Rd2 Rh4 49. Kd7 Rg4 50. Rd5 Rg2 51. h4 Rg4 52. Kd6 Rxh4 53.
Ke5 Rh1 54. Rd7+ Kf8 55. Kf4 Rf1+ 56. Kg4 Rf7 57. Rd6 Ra7 58. Rb6 Kf7 59. Rc6
Ke7 60. Rb6 Rd7 61. Ra6 Rd4+ 62. Kg3 Rd6 63. Ra7+ Ke6 64. Rxh7 Kf5 65. Ra7 Rd3+
66. Kg2 Kxg5 67. Ra5+ Kg4 68. Ra4+ Kh5 69. Ra2 g5 70. Rb2 Kh4 71. Rb4+ g4 72.
Rb2 Rg3+ 73. Kh2 Re3 74. Kg2 Kg5 75. Rb5+ Kf4 76. Rb4+ Re4 77. Rxe4+ Kxe4 78.
Kg3 Kf5 79. Kg2 Kf4 80. Kf2 g3+ 81. Kg2 Kg4 82. Kg1 Kf3 83. Kf1 Ke3 84. Kg2 Kf4
85. Kg1 Kg4 86. Kg2 Kh4 87. Kg1 Kh3 88. Kh1 g2+ 89. Kg1 Kg3 1/2-1/2

[Event "Warsaw Chess Open 2022 - A"]
[Site "Warsaw"]
[Date "1899-12-30"]
[Round "8.16"]
[White "Dubnevych, Maksym"]
[Black "Ciborowski, Konrad Jr"]
[Result "1/2-1/2"]
[WhiteTitle ""]
[BlackTitle "I++"]
[WhiteElo "2131"]
[BlackElo "1904"]

1. d4 d5 2. c4 e6 3. Nf3 Nf6 4. g3 Bb4+ 5. Bd2 Bd6 6. Bg2 O-O 7. O-O Ne4 8. Qc2
c6 9. Rd1 Nd7 10. Ne1 f5 11. Bc1 Qe8 12. b3 Qh5 13. f3 Ng5 14. Nd3 h6 15. Bf4
Bxf4 16. Nxf4 Qe8 17. Nd2 a5 18. e4 dxe4 19. fxe4 e5 20. dxe5 Nxe5 21. Re1 Qe7
22. c5 fxe4 23. h4 Ngf3+ 24. Bxf3 exf3 25. Qc3 f2+ 26. Kxf2 Qxc5+ 27. Qxc5 Nd3+
28. Kg2 Nxc5 29. Re5 Nd7 30. Re7 Nf6 31. Rae1 Rf7 32. Rxf7 Kxf7 33. Nc4 b5 34.
Ne5+ Kg8 35. Kg1 c5 36. Nfd3 c4 1/2-1/2

[Event "Warsaw Chess Open 2022 - A"]
[Site "Warsaw"]
[Date "1899-12-30"]
[Round "8.18"]
[White "Zaninotto, Franco"]
[Black "Shamatava, Nikolozi"]
[Result "0-1"]
[WhiteTitle "FM"]
[BlackTitle ""]
[WhiteElo "2069"]
[BlackElo "1783"]

1. e4 e5 2. Nf3 Nc6 3. Bb5 Nf6 4. O-O Nxe4 5. Re1 Nd6 6. Nxe5 Be7 7. Bf1 Nxe5 8.
Rxe5 O-O 9. d4 Ne8 10. Nc3 Bf6 11. Re1 d5 12. Bf4 c6 13. Be5 Bf5 14. Bd3 Qd7 15.
Qf3 Bxd3 16. Qxd3 Rd8 17. Re2 Bxe5 18. dxe5 Nc7 19. f4 b5 20. f5 c5 21. Rd1 Qe8
22. f6 g6 23. Qe3 Kh8 24. Qh6 Rg8 25. Rd3 Qf8 26. Qd2 c4 27. Rh3 g5 28. Kh1 b4
29. Nd1 Ne6 30. g3 Rg6 31. Ne3 c3 32. bxc3 bxc3 33. Qd1 Qb4 34. Qd3 Qb1+ 35. Qd1
Qxd1+ 36. Nxd1 d4 37. Nf2 Rd5 38. Nd3 Ra5 39. g4 Rxa2 40. Rf3 Rg8 41. Rf1 Rb8
0-1

[Event "Warsaw Chess Open 2022 - A"]
[Site "Warsaw"]
[Date "1899-12-30"]
[Round "8.19"]
[White "Mulawa, Cyprian"]
[Black "Gradalski, Olaf"]
[Result "1-0"]
[WhiteTitle "I"]
[BlackTitle "k"]
[WhiteElo "1949"]
[BlackElo "2049"]

1. e4 c6 2. d3 d5 3. Nd2 g6 4. g3 Bg7 5. Bg2 e5 6. Ngf3 Ne7 7. O-O O-O 8. c3 a5
9. Re1 Qc7 10. d4 dxe4 11. Nxe5 f6 12. Nec4 b5 13. Ne3 f5 14. f3 c5 15. dxc5 Bb7
16. fxe4 f4 17. gxf4 Qxf4 18. Nf3 Qc7 19. Ng5 Ra6 20. Qb3+ Kh8 21. Nf7+ Kg8 22.
Nd6+ Kh8 23. Qxb5 Bc6 24. Qe2 Nd7 25. Qxa6 Nxc5 26. Qc4 Qxd6 27. Nd5 Be5 28. Bh6
Bxh2+ 29. Kh1 Rf7 30. Nxe7 Qxe7 31. Qxf7 Qxf7 32. Rf1 Qe7 33. Rf8+ Qxf8 34. Bxf8
Ne6 35. Kxh2 Nxf8 36. e5 Bd7 37. Bh3 Kg7 38. Bxd7 Nxd7 39. Re1 Kf8 40. e6 Nb6
41. e7+ Ke8 42. b4 axb4 43. cxb4 Nd5 1-0

[Event "Warsaw Chess Open 2022 - A"]
[Site "Warsaw"]
[Date "1899-12-30"]
[Round "8.20"]
[White "Szczotka, Klara"]
[Black "Rudolf, Michal"]
[Result "1-0"]
[WhiteTitle "k+"]
[BlackTitle "FM"]
[WhiteElo "1760"]
[BlackElo "2361"]

1. d4 Nf6 2. c4 e6 3. Nc3 Bb4 4. e3 O-O 5. Bd2 b6 6. Bd3 Bb7 7. Nf3 c5 8. a3 Bxc3
9. Bxc3 Ne4 10. Qc2 Nxc3 11. bxc3 f5 12. O-O Nc6 13. Rab1 Qe7 14. Rfe1 cxd4 15.
exd4 Na5 16. d5 Qf6 17. Ne5 Rad8 18. Qa4 Rfe8 19. Nxd7 Qxc3 20. Bxf5 Qxc4 21.
Qxc4 Nxc4 22. dxe6 Re7 23. a4 g6 24. Bh3 Bc6 25. Rbc1 Na5 26. Re3 Bxa4 27. Rc7
a6 28. g3 Kg7 29. Rec3 Bxd7 30. exd7 Re1+ 31. Kg2 Rd1 32. Ra7 Kf7 33. Rc8 Ke7
34. Rxd8 Kxd8 35. Ra8+ Kc7 36. Rc8+ 1-0

[Event "Warsaw Chess Open 2022 - A"]
[Site "Warsaw"]
[Date "1899-12-30"]
[Round "8.21"]
[White "Rozycki, Bartlomiej"]
[Black "Adamski, Adam"]
[Result "1/2-1/2"]
[WhiteTitle "k++"]
[BlackTitle "I"]
[WhiteElo "2210"]
[BlackElo "1784"]

1. e4 c5 2. Nf3 d6 3. d4 cxd4 4. Qxd4 a6 5. c4 Nc6 6. Qe3 Nf6 7. h3 g6 8. Be2 Bg7
9. O-O O-O 10. Nc3 Nd7 11. Rd1 Qb6 12. Qxb6 Nxb6 13. Be3 Nd7 14. Rac1 Nde5 15.
Nxe5 Nxe5 16. b3 1/2-1/2

[Event "Warsaw Chess Open 2022 - A"]
[Site "Warsaw"]
[Date "1899-12-30"]
[Round "8.22"]
[White "Pires, Emanuel Joao Robarts"]
[Black "Markuszewski, Maksymilian"]
[Result "1-0"]
[WhiteTitle "I++"]
[BlackTitle ""]
[WhiteElo "2062"]
[BlackElo "1931"]

1. e4 c5 2. b4 cxb4 3. a3 d5 4. exd5 Qxd5 5. Nf3 Bg4 6. axb4 Bxf3 7. Qxf3 Qxf3
8. gxf3 e6 9. Bb2 Nf6 10. Rg1 Nc6 11. b5 Ne7 12. Bd4 Nc8 13. Nc3 Nd7 14. f4 Rg8
15. Bg2 Rb8 16. Ne4 b6 17. Bf3 g6 18. Be5 Nxe5 19. Nf6+ Kd8 20. fxe5 Rh8 21. Bc6
1-0

[Event "Warsaw Chess Open 2022 - A"]
[Site "Warsaw"]
[Date "1899-12-30"]
[Round "8.23"]
[White "Yasmo, Daniil"]
[Black "Kulesza, Andrzej"]
[Result "1/2-1/2"]
[WhiteTitle ""]
[BlackTitle "I++"]
[WhiteElo "1680"]
[BlackElo "2051"]

1. d4 Nf6 2. Nc3 d5 3. Bf4 c6 4. e3 Bf5 5. f3 Qb6 6. Rb1 h6 7. g4 Bh7 8. h4 Nbd7
9. Nh3 e6 10. g5 Ng8 11. h5 hxg5 12. Nxg5 Ngf6 13. e4 Bg8 14. e5 Nxh5 15. Be3
O-O-O 16. f4 f6 17. Rxh5 Rxh5 18. Qxh5 fxg5 19. Qxg5 Bb4 20. Rd1 Bh7 21. Kd2 Bf5
22. a3 Bxc3+ 23. bxc3 Rh8 24. Bg1 Qb2 25. Rc1 g6 26. a4 a5 27. Qg3 Nb6 28. c4
Rh1 29. c5 Nxa4 30. Qb3 Rxg1 31. Qxa4 Rh1 32. Re1 Rh4 33. Bd3 Rxf4 34. Qxa5 Bxd3
35. Rc1 Bf1 36. Rd1 Rf2+ 37. Ke3 Qxc2 38. Re1 Rf7 39. Rxf1 Rxf1 40. Qc7+ Kxc7
1/2-1/2

[Event "Warsaw Chess Open 2022 - A"]
[Site "Warsaw"]
[Date "1899-12-30"]
[Round "8.24"]
[White "Sliwerski, Radoslaw"]
[Black "Murchadha, Oissine"]
[Result "1-0"]
[WhiteTitle "k++"]
[BlackTitle "I"]
[WhiteElo "1951"]
[BlackElo "1984"]

1. d4 d5 2. c4 e6 3. Nc3 Be7 4. Nf3 Nf6 5. Bg5 h6 6. Bxf6 Bxf6 7. e3 O-O 8. Rc1
dxc4 9. Bxc4 b6 10. O-O Bb7 11. Qe2 Nd7 12. Rfd1 Qe7 13. Ba6 Bxa6 14. Qxa6 c6
15. Ne4 c5 16. Qb7 Rfd8 17. b3 Kh8 18. Nxf6 Qxf6 19. dxc5 Nxc5 20. Rxd8+ Rxd8
21. Qxa7 Qb2 22. Rf1 Qe2 23. Nd4 Qh5 24. Qxb6 Rd5 25. Qb8+ Kh7 26. Qf4 Rg5 27.
Nf3 Rf5 28. Qd4 e5 29. Qh4 Qg6 30. Qc4 Qd6 31. b4 Nd7 32. a4 g6 33. a5 e4 34.
Qxe4 Nf6 35. Qd4 Qc6 36. Ne5 Qc7 37. f4 Rh5 38. Qc4 Qxc4 39. Nxc4 Rb5 40. a6 Rxb4
41. Ra1 Nd5 42. a7 Nc7 43. Nd6 Na8 44. Nxf7 Kg7 45. Ne5 g5 46. fxg5 hxg5 47. Ra6
Rb7 48. Kf2 Re7 49. Nf3 g4 50. Nd4 g3+ 51. Kxg3 Rxe3+ 52. Kf4 Rd3 53. Nf5+ Kf7
54. h4 Rd1 55. h5 Rf1+ 56. Kg5 1-0

[Event "Warsaw Chess Open 2022 - A"]
[Site "Warsaw"]
[Date "1899-12-30"]
[Round "8.25"]
[White "Atkinson, Paul"]
[Black "Siekanska, Zuzanna"]
[Result "0-1"]
[WhiteTitle "CM"]
[BlackTitle "I++"]
[WhiteElo "2116"]
[BlackElo "1712"]

1. Nf3 d5 2. e3 Nf6 3. c4 e6 4. b3 Be7 5. Bb2 O-O 6. Nc3 c5 7. d4 Nc6 8. cxd5 exd5
9. Be2 Re8 10. O-O Bg4 11. dxc5 Bxc5 12. Na4 Bd6 13. h3 Bf5 14. Nd4 Bd7 15. Rc1
Ne5 16. Nc5 Bc8 17. Bb5 Rf8 18. Nd3 Ne4 19. Nxe5 Bxe5 20. Ba3 Nd6 21. Bd3 Re8
22. Nf3 Bf6 23. Qc2 h6 24. Qc7 Ne4 25. Qxd8 Rxd8 26. Rc2 Bd7 27. Bb2 Be7 28. Rd1
Nc5 29. Rcd2 Nxd3 30. Rxd3 Be6 31. a3 Rdc8 32. b4 Rc2 33. Bd4 a5 34. bxa5 Rxa5
35. Ra1 b5 36. Rb3 b4 37. Ne1 Rc4 38. axb4 Rxa1 39. Bxa1 Rc1 40. Be5 Rxe1+ 41.
Kh2 d4 0-1

[Event "Warsaw Chess Open 2022 - A"]
[Site "Warsaw"]
[Date "1899-12-30"]
[Round "8.26"]
[White "Fishchuk, Vladyslav"]
[Black "Kostecka, Marika"]
[Result "1-0"]
[WhiteTitle "FM"]
[BlackTitle "WCM"]
[WhiteElo "2309"]
[BlackElo "1836"]

1. d4 Nf6 2. c4 e6 3. Nf3 Bb4+ 4. Nbd2 Be7 5. g3 d5 6. Bg2 O-O 7. O-O Re8 8. Qc2
Nc6 9. Rd1 Bf8 10. e4 Ne7 11. b3 Ng6 12. e5 Nd7 13. h4 h5 14. Nf1 c5 15. cxd5
exd5 16. Ng5 cxd4 17. e6 1-0

[Event "Warsaw Chess Open 2022 - A"]
[Site "Warsaw"]
[Date "1899-12-30"]
[Round "8.27"]
[White "Siekanska, Maria"]
[Black "Dalkowski, Rafal"]
[Result "1/2-1/2"]
[WhiteTitle "k+"]
[BlackTitle "k"]
[WhiteElo "1964"]
[BlackElo "2120"]

1. d4 d5 2. c4 dxc4 3. e3 e6 4. Bxc4 Nf6 5. Nf3 a6 6. Bd3 c5 7. O-O Nbd7 8. a3
b5 9. e4 Bb7 10. Nbd2 cxd4 11. e5 Nd5 12. a4 Nc5 13. Be4 Nxe4 14. Nxe4 Nb6 15.
Re1 Nxa4 16. Nxd4 Nc5 17. Nxc5 Bxc5 18. Be3 Qd5 19. Qf3 Qxf3 20. gxf3 Bb4 21.
Rec1 O-O 22. Rc7 Bd5 23. Nc2 a5 24. Nxb4 axb4 25. Rxa8 Rxa8 26. Kg2 h6 27. Ba7
g5 28. Kg3 Bc4 29. f4 gxf4+ 30. Kxf4 Rd8 31. Be3 Rd1 32. h4 Kg7 33. Rb7 Rh1 34.
Kg3 Rg1+ 35. Kf4 Be2 36. Bc5 Rg4+ 37. Ke3 Bf1 38. Be7 Kg6 39. Rd7 Rc4 40. Rd1
Bh3 41. Rd4 b3 42. Rxc4 bxc4 43. Kd4 Bf1 44. Bf8 h5 45. f4 1/2-1/2

[Event "Warsaw Chess Open 2022 - A"]
[Site "Warsaw"]
[Date "1899-12-30"]
[Round "8.28"]
[White "Darda-braver, Roman"]
[Black "Krasiewicz, Robert"]
[Result "0-1"]
[WhiteTitle ""]
[BlackTitle "k+"]
[WhiteElo "1963"]
[BlackElo "1999"]

1. d4 g6 2. c4 Bg7 3. Nc3 d6 4. e4 e5 5. d5 Ne7 6. g4 Nd7 7. Bd3 Nc5 8. Bc2 a5
9. Be3 b6 10. Qf3 Bd7 11. b3 Qc8 12. g5 O-O 13. h3 f5 14. gxf6 Bxf6 15. Qg3 Kh8
16. Kd2 c6 17. h4 cxd5 18. cxd5 b5 19. h5 g5 20. Bxg5 Bxg5+ 21. Qxg5 Rxf2+ 22.
Nge2 Qf8 23. Rag1 Qf7 24. Nd1 Rf3 25. Ne3 Rg8 26. Qh6 Qf6 27. Qxf6+ Rxf6 28. Rb1
b4 29. Bd3 Rf2 30. Nc4 Rgg2 31. Rbe1 Bg4 32. Rhg1 Rxg1 33. Rxg1 Bxe2 34. Bxe2
Nxe4+ 35. Ke3 Rf4 36. Nxa5 Nxd5+ 37. Kd3 Nec3 38. Bg4 Rd4+ 39. Kc2 Ne3+ 40. Kc1
Nxg4 41. Rg2 Rd1+ 42. Kb2 Rb1+ 43. Kc2 Ne3+ 44. Kd3 Nxg2 45. Nc4 Rd1+ 46. Nd2
Nb1 47. Kc2 Ne3+ 48. Kd3 Nf1 49. Kc2 Rxd2+ 50. Kxb1 e4 51. a3 e3 52. axb4 e2 53.
h6 e1=Q# 0-1

[Event "Warsaw Chess Open 2022 - A"]
[Site "Warsaw"]
[Date "1899-12-30"]
[Round "8.29"]
[White "Pettersson, Alexander"]
[Black "Oniani, Tamar"]
[Result "0-1"]
[WhiteTitle "II+"]
[BlackTitle ""]
[WhiteElo "1968"]
[BlackElo "1663"]

1. d4 Nf6 2. c4 e6 3. Nc3 Bb4 4. Bd2 c5 5. Nf3 d5 6. a3 Bxc3 7. Bxc3 Ne4 8. Rc1
Nc6 9. dxc5 Nxc3 10. Rxc3 d4 11. Rc1 e5 12. e3 Qa5+ 13. Qd2 Qxc5 14. b4 Qe7 15.
Be2 d3 16. Qxd3 e4 17. Qc3 exf3 18. Qxg7 Qe5 19. Qxe5+ Nxe5 20. gxf3 Bf5 21. Rd1
Rg8 22. Rd5 f6 23. Rb5 O-O-O 24. e4 Be6 25. a4 Kb8 26. Rc5 Rd4 27. f4 Nxc4 28.
Bf3 Nb2 29. e5 Nd3+ 0-1

[Event "Warsaw Chess Open 2022 - A"]
[Site "Warsaw"]
[Date "1899-12-30"]
[Round "8.30"]
[White "Keely, Leo A"]
[Black "Ciechanski, Jacenty"]
[Result "1-0"]
[WhiteTitle ""]
[BlackTitle "CM"]
[WhiteElo "1955"]
[BlackElo "2192"]

1. e4 c5 2. Nc3 d6 3. Nf3 Nc6 4. d4 cxd4 5. Nxd4 a6 6. Bc4 e6 7. O-O Nxd4 8. Qxd4
Ne7 9. Be3 Nc6 10. Qd2 b5 11. Bb3 Bb7 12. f4 Na5 13. f5 Nxb3 14. axb3 exf5 15.
exf5 Be7 16. Nd5 Bxd5 17. Qxd5 O-O 18. Bd4 Bf6 19. Rad1 Rc8 20. c3 h6 21. Bxf6
Qxf6 22. Qxd6 Rc6 23. Qxf6 Rxf6 24. b4 Re8 25. Rd2 Re5 26. Rdf2 Rd6 27. f6 g5
28. h3 Kh7 29. Rf5 Rxf5 30. Rxf5 Kg6 31. Rf2 Rxf6 32. Rxf6+ Kxf6 33. b3 Ke5 34.
c4 f5 35. c5 Kd5 36. Kf2 a5 37. bxa5 b4 38. a6 Kc6 39. Ke3 h5 40. h4 Kc7 41. hxg5
1-0

[Event "Warsaw Chess Open 2022 - A"]
[Site "Warsaw"]
[Date "1899-12-30"]
[Round "8.31"]
[White "Spicak, Krzysztof"]
[Black "Yunusov, Mukhammad"]
[Result "1-0"]
[WhiteTitle "k"]
[BlackTitle ""]
[WhiteElo "1858"]
[BlackElo "1874"]

1. e4 c5 2. Nc3 Nc6 3. f4 d6 4. Nf3 Nf6 5. Bb5 Bd7 6. O-O e6 7. Kh1 a6 8. Bxc6
Bxc6 9. d3 Be7 10. Qe1 O-O 11. Bd2 b5 12. a3 Nd7 13. d4 cxd4 14. Nxd4 Bb7 15.
f5 e5 16. Nf3 Nf6 17. Bg5 Rc8 18. Bxf6 Bxf6 19. Qe3 Rc4 20. Rad1 b4 21. axb4 Rxb4
22. b3 Qb6 23. Qxb6 Rxb6 24. Nd5 Bxd5 25. Rxd5 Rc8 26. Rf2 h5 27. g3 Rc3 28. Kg2
Rbc6 29. Rfd2 Be7 30. Ne1 Re3 31. Kf2 Rxe4 32. c4 Rg4 33. Nf3 Rb6 34. h3 Re4 35.
R2d3 h4 36. g4 Rf4 37. Ke3 Kh7 38. c5 dxc5 39. Rxe5 Rxf3+ 40. Kxf3 Bd6 41. Red5
Bg3 42. Rxc5 f6 43. Ke4 Rb4+ 44. Rc4 Rb5 45. Kf3 a5 46. Rc8 Be5 47. Kg2 Bg3 48.
Rdd8 Kh6 49. Rh8+ Kg5 50. Rc4 g6 51. Rg8 Kh6 52. Rxg6+ Kh7 53. Rc3 Rd5 54. Re3
Rd2+ 55. Kf3 Rf2+ 56. Ke4 Be5 57. Rd3 Re2+ 58. Kd5 Rg2 59. Ke6 Rc2 60. Rd7+ Kh8
61. Kf7 Kh7 62. Kf8+ 1-0

[Event "Warsaw Chess Open 2022 - A"]
[Site "Warsaw"]
[Date "1899-12-30"]
[Round "8.32"]
[White "Bogusz, Alan"]
[Black "Khamidov, Abdulla"]
[Result "1-0"]
[WhiteTitle "I"]
[BlackTitle ""]
[WhiteElo "1794"]
[BlackElo "1834"]

1. e4 c5 2. Nf3 Nc6 3. d4 cxd4 4. Nxd4 Nf6 5. Nc3 g6 6. Be3 Bg7 7. Qd2 Ng4 8. Nxc6
bxc6 9. Bd4 f6 10. Be2 Nh6 11. O-O O-O 12. Be3 Nf7 13. f4 Bb7 14. Rad1 d6 15.
h4 f5 16. h5 e6 17. hxg6 hxg6 18. exf5 gxf5 19. Qe1 Qe7 20. Qf2 c5 21. Rde1 Rac8
22. Nd1 d5 23. Qg3 d4 24. Bd2 Nd6 25. Nf2 Rf6 26. Bf3 Rh6 27. Bxb7 Qxb7 28. b3
Kf7 29. Nh3 Ne4 30. Ng5+ Nxg5 31. fxg5 Rg6 32. Qd3 Rh8 33. Qc4 Qc7 34. Rxf5+ Ke7
35. Qxc5+ Qxc5 36. Rxc5 e5 37. Bf4 Re6 38. Bxe5 Rf8 39. Rc7+ Kd8 40. Rxg7 1-0

[Event "Warsaw Chess Open 2022 - A"]
[Site "Warsaw"]
[Date "1899-12-30"]
[Round "9.2"]
[White "Padalka, Artem"]
[Black "Sieciechowicz, Marcin"]
[Result "0-1"]
[WhiteTitle ""]
[BlackTitle "IM"]
[WhiteElo "2204"]
[BlackElo "2383"]

1. Nf3 Nf6 2. c4 e6 3. d4 d5 4. cxd5 exd5 5. Nc3 Be7 6. Bg5 O-O 7. e3 Be6 8. Bd3
Nbd7 9. O-O c6 10. Qc2 h6 11. Bh4 Rc8 12. Rad1 Re8 13. h3 Bd6 14. e4 dxe4 15.
Nxe4 Be7 16. Bxf6 Nxf6 17. Nc5 Bd5 18. Nh4 b6 19. Nb3 Bd6 20. Nf5 Bb8 21. Nd2
Nh5 22. Be4 Qg5 23. h4 Qf4 24. Rfe1 Qh2+ 25. Kf1 Qh1+ 26. Ke2 Nf4+ 27. Kf3 Qxg2+
28. Ke3 Bxe4 29. Nxe4 Nd5+ 30. Kd2 Bf4+ 31. Re3 Bxe3+ 32. Nxe3 Qxe4 33. Qxe4 Rxe4
34. Kd3 Rce8 35. Nf5 Rf4 36. Nd6 Rf3+ 37. Kc4 Re2 38. Rc1 Rxb2 39. a3 Rxa3 0-1

[Event "Warsaw Chess Open 2022 - A"]
[Site "Warsaw"]
[Date "1899-12-30"]
[Round "9.3"]
[White "Jarmula, Lukasz"]
[Black "Fus, Jakub"]
[Result "1-0"]
[WhiteTitle "GM"]
[BlackTitle "FM"]
[WhiteElo "2452"]
[BlackElo "2389"]

1. e4 e6 2. d4 d5 3. e5 c5 4. c3 Nc6 5. Nf3 Qb6 6. a3 c4 7. Nbd2 Bd7 8. Rb1 Na5
9. Be2 Ne7 10. h4 Qc7 11. h5 h6 12. Nf1 Nc8 13. Bf4 Nb6 14. N1h2 O-O-O 15. O-O
Nb3 16. Nd2 Ba4 17. Nxb3 Kb8 18. Bg3 Be7 19. f4 Bxb3 20. Qd2 g6 21. hxg6 fxg6
22. Bg4 Qd7 23. Bh3 Rdf8 24. Rf2 Ka8 25. Qe2 h5 26. Nf3 Ba4 27. Ng5 Bxg5 28. fxg5
Rf5 29. Bxf5 gxf5 30. Bh4 Qg7 31. g6 Qxg6 32. Rf3 Qg4 33. Qf2 Be8 34. Bd8 Qg6
35. Rg3 Qh7 36. Qf4 Na4 37. Kf2 Rg8 38. Rxg8 Qxg8 39. Qh4 Bg6 40. Qe7 f4 41. Qc7
Nb6 42. Rg1 Bf5 43. g3 fxg3+ 44. Rxg3 Bg4 45. a4 Qf8+ 46. Kg1 Qf4 47. Bh4 Qc1+
48. Kh2 Qd2+ 49. Rg2 Qf4+ 50. Bg3 Qf8 51. Rf2 Bf5 52. Rxf5 exf5 53. e6 f4 54.
Bxf4 Nc8 55. Qb8# 1-0

[Event "Warsaw Chess Open 2022 - A"]
[Site "Warsaw"]
[Date "1899-12-30"]
[Round "9.4"]
[White "Pacan-milej, Kosma"]
[Black "Psyk, Radoslaw"]
[Result "1/2-1/2"]
[WhiteTitle "FM"]
[BlackTitle "k++"]
[WhiteElo "2412"]
[BlackElo "2411"]

1. Nf3 d5 2. c4 e6 3. g3 Nf6 4. Bg2 Be7 5. O-O O-O 6. b3 b6 7. Bb2 Bb7 8. e3 c5
9. Nc3 dxc4 10. bxc4 Nc6 11. Qe2 Qd7 12. Rad1 Rfd8 13. d3 a6 14. a4 Nb4 15. Ne5
Qc7 16. Bxb7 Qxb7 17. f4 Nd7 18. Nf3 Nf6 19. Rd2 Ne8 20. e4 Nc7 21. f5 exf5 22.
Nd5 Ncxd5 23. exd5 b5 24. axb5 axb5 25. Qe5 Bf6 26. Qxf5 Bxb2 27. Rxb2 Qd7 28.
Ne5 Qxf5 29. Rxf5 g6 30. Rf1 f5 31. Rfb1 Rac8 32. Ra1 Rc7 33. Ra5 bxc4 34. dxc4
Kg7 35. Rb5 Rd6 36. Rb3 Kf6 37. Nd3 Nxd3 38. Rxd3 Ke5 39. Rd2 Ra6 40. Kf2 Kd6
41. Re2 Kd7 42. Rb8 Rc8 43. Rb7+ Rc7 44. Rb8 Rc8 45. Rb7+ Rc7 46. Rxc7+ Kxc7 47.
Re7+ Kd8 48. Rxh7 Ra4 49. Rg7 Rxc4 50. h4 Rg4 51. d6 f4 52. gxf4 Rxf4+ 53. Kg3
Rf6 54. Rc7 Rxd6 55. Rxc5 1/2-1/2

[Event "Warsaw Chess Open 2022 - A"]
[Site "Warsaw"]
[Date "1899-12-30"]
[Round "9.5"]
[White "Nguyen, Piotr"]
[Black "Jaskolka, Tomasz"]
[Result "1/2-1/2"]
[WhiteTitle "IM"]
[BlackTitle "CM"]
[WhiteElo "2404"]
[BlackElo "2194"]

1. f4 d5 2. Nf3 c6 3. g3 Nf6 4. Bg2 Qb6 5. e3 Bg4 6. O-O Nbd7 7. h3 Bxf3 8. Qxf3
e6 9. d3 g6 10. Kh1 Bg7 11. e4 O-O 12. Nc3 Ne8 13. f5 exf5 14. exf5 Nd6 15. g4
gxf5 16. gxf5 Kh8 17. Ne2 Rg8 18. Ng3 Be5 19. Nh5 Nf6 20. Bf4 Bxf4 21. Nxf6 Be5
22. Nxg8 Rxg8 23. Qe2 Qxb2 24. Rab1 Nxf5 25. Qe1 Ng3+ 26. Qxg3 Rxg3 27. Rxb2 Bxb2
28. Rxf7 Rg7 29. Rf8+ Rg8 30. Rf7 Re8 31. Bf3 Re1+ 32. Kg2 Rc1 33. c4 dxc4 34.
dxc4 Rc2+ 35. Kf1 Rxc4 1/2-1/2